00390nam a2200133 a 450000500170000000800410001705000220005824500300008026000480011030000160015850000350017465000250020965000220023420140414093837.0021220s19uu xx 00 eng d aVCD 780bCon 1997 aFemale world hits (vol.1) a(Manila)bDe Concorde Recording Corp.cn.d. av.1 ; tr. a"Karaoke top hits #19"--Cover. aWorld hits (Female). aTop hits (Female)